Catalog

Record Details

Catalog Search



Přehled teorií osobnosti = = A review of personality theories Cover Image Book Book

Přehled teorií osobnosti = = A review of personality theories Victor J. Drapela ; přeložil Karel Balcar

Drapela, Victor J. (Author). Balcar, Karel (Added Author).

Record details

  • ISBN: 80-7178-251-3
  • Physical Description: 175 s.
  • Edition: 2. vyd.
  • Publisher: Praha Portál 1998

Available copies

  • 2 of 2 copies available at Common Catalog SPOK.

Holds

  • 0 current holds with 2 total copies.
Show Only Available Copies
Location Call Number / Copy Notes Barcode Shelving Location Status Due Date
ETS Library 155.2 424470006926 Volný výběr Available -
ETS Library 155.2 424470006940 Volný výběr Available -

LDR 00836nam a2 00277
00137299
003CZ-PrJAB
00520130202000000.0
008000216s1998 xr e |||| |cze
009cz
020 . ‡a80-7178-251-3
035 . ‡a(CONS)7515
035 . ‡aKPS6628
040 . ‡aABG450
041 . ‡acze
08214. ‡a155.2
100 . ‡7243 ‡aDrapela, Victor J.
245 . ‡aPřehled teorií osobnosti = ‡b= A review of personality theories ‡cVictor J. Drapela ; přeložil Karel Balcar
250 . ‡a2. vyd.
260 . ‡aPraha ‡bPortál ‡c1998
300 . ‡a175 s.
653 . ‡aPřehled teorií osobnosti ‡aA review of personality theories
700 . ‡72750 ‡aBalcar, Karel
8524 . ‡bETS ‡bETS ‡cVolný výběr ‡j155.2 ‡gE ‡p424470006926
8524 . ‡bETS ‡bETS ‡cVolný výběr ‡j155.2 ‡gE ‡p424470006940
910 . ‡aABG450
999 . ‡a7515 ‡bAUTOGEN ‡c7515 ‡tbiblio
905 . ‡uadmin
901 . ‡a37299 ‡b ‡c37299 ‡tbiblio ‡sets

Additional Resources